ბათუმის შოთა რუსთაველის სახელმწიფო უნივერსიტეტის ბიბლიოთეკა

Шлиман : (ბიბ.ჩანაწერი № 61137)

000 -LEADER
fixed length control field 00557nam a22001697a 4500
005 - DATE AND TIME OF LATEST TRANSACTION
control field 20231222104627.0
008 - FIXED-LENGTH DATA ELEMENTS--GENERAL INFORMATION
fixed length control field 231222s1965 ru ||||| |||| 00| 0 rus d
041 ## - LANGUAGE CODE
Language code of text/sound track or separate title rus
080 ## - UNIVERSAL DECIMAL CLASSIFICATION NUMBER
Universal Decimal Classification number 902(430):929 Ш-92
100 ## - MAIN ENTRY--PERSONAL NAME
Personal name Штоль, Г.
9 (RLIN) 20850
245 ## - TITLE STATEMENT
Title Шлиман :
Remainder of title (Мечта о Трое) /
Statement of responsibility, etc. Г. Штоль;
264 ## - PRODUCTION, PUBLICATION, DISTRIBUTION, MANUFACTURE, AND COPYRIGHT NOTICE
Place of production, publication, distribution, manufacture Москва :
Name of producer, publisher, distributor, manufacturer "Молодая гвардия",
Date of production, publication, distribution, manufacture, or copyright notice 1965.
300 ## - PHYSICAL DESCRIPTION
Extent 432 с.:
Other physical details ил.;
Dimensions 21 см.
440 ## - SERIES STATEMENT/ADDED ENTRY--TITLE
Title Жизнь замечательных людей
9 (RLIN) 20669
653 ## - INDEX TERM--UNCONTROLLED
keyword ისტორია
942 ## - ADDED ENTRY ELEMENTS (KOHA)
Source of classification or shelving scheme
Koha item type წიგნი
ეგზემპლარები
Withdrawn status Lost status Source of classification or shelving scheme Damaged status Not for loan Permanent Location Current Location Shelving location Date acquired Cost, normal purchase price Full call number Barcode Date last seen Copy number Uniform Resource Identifier Price effective from Koha item type Public note
          ბათუმის შოთა რუსთაველის სახელმწიფო უნივერსიტეტის მთავარი ბიბლიოთეკა ბათუმის შოთა რუსთაველის სახელმწიფო უნივერსიტეტის მთავარი ბიბლიოთეკა წიგნსაცავი 2023-12-22 7.00 902(430):929 Ш-92 65655 2023-12-22 65655 ბსუ-ს საპატიო დოქტორის გურამ ლორთქიფანიძის საჩუქარი 2023-12-22 წიგნი 7 ლ.